The promotion and regulation of industry in Japan
Zapisane w:
| Format: | Książka |
|---|---|
| Język: | Undetermined |
| Wydane: |
New York
St. Martin's Press
1991
|
| Hasła przedmiotowe: | |
| Etykiety: |
Dodaj etykietę
Nie ma etykietki, Dołącz pierwszą etykiete!
|
| Thư viện lưu trữ: | Trung tâm Học liệu Trường Đại học Cần Thơ |
|---|
| LEADER | 00577nam a2200181Ia 4500 | ||
|---|---|---|---|
| 001 | CTU_97000 | ||
| 008 | 210402s9999 xx 000 0 und d | ||
| 082 | |a 338.952 | ||
| 082 | |b P965 | ||
| 245 | 4 | |a The promotion and regulation of industry in Japan | |
| 245 | 0 | |c Edited by Stephen Wilks, Maurice Wright | |
| 260 | |a New York | ||
| 260 | |b St. Martin's Press | ||
| 260 | |c 1991 | ||
| 650 | |a Industrial policy,Industrial promotion,Trade regulation,Industries | ||
| 650 | |z Japan,Japan,Japan,Japan | ||
| 904 | |i Năm | ||
| 980 | |a Trung tâm Học liệu Trường Đại học Cần Thơ | ||